Culture Générale - Clic Quiz - La réponse est un moyen de transport - Statistiques

Statistiques générales
  • Ce quiz a été pris 185 fois
  • Le résultat moyen est 13 sur 20
Statistiques - réponses
Hint Réponse % Correct
Compléte l'Expression inventée en 1968 par Pierre Béarn à partir d'un vers qu'il a écrit en 1951 et censée représenter le rythme quotidien des Parisiens, des citadins : « ______, boulot, dodo » Métro
94%
Attraction célèbre de fête foraine ou de parc d'attractions ayant un thème d'horreur quand il est "fantôme" Train
94%
Patinete en espagnol ou encore Tretroller en allemand Trottinette
91%
Maintient les verres en place pour les lunettes Monture
88%
Sert de labo itinérant quand le duo improvisé Jesse et Walt commence à « cuisiner » dans le secret dans la série TV Breaking Bad Camping Car
83%
A l'honneur notamment dans le jeu vidéo de simulation de conduite Euro Truck Simulator sorti en 2008 Camion
78%
Compléte le titre du Poème écrit par Arthur Rimbaud à la fin de l'été 1871, alors qu'il était âgé de 16 ans : " .. _______ ivre" Bateau
74%
Giacomo Agostini, Valentino Rossi et Marc Márquez sont parmi les meilleurs de l'Histoire dans ce domaine Moto
74%
Icône à traction par câble de San Francisco Tramway
74%
Magique dans le titre de la Série télévisée d'animation américaine diffusée à partir de 1996 où Mlle Bille-en-Tête et sa classe vivent des aventures extraordinaires. : ".. ____ magique" Bus
72%
La perte d'efficacité du rotor anticouple et le Décrochage pale reculante font partie de ses dangers Helicoptère
71%
A pour surnom notamment Allonge-gambette et La petite reine Bicyclette
62%
En astronomie, partie de la constellation de la Grande Ourse, ainsi qu'une des désignations de la Petite Ourse Chariot
56%
Surnaturelle et malfaisante, qui prend petit à petit le contrôle de l'adolescent qui l'a achetée et qui tue tous ceux qui essaient de les séparer dans le roman Christine de Stephen King Automobile
55%
Victime d'un sabotage dans l'album de Tintin "Le pays de l'Or Noir" et sujet de convoitises et de discordes dans le film "Le monde ne suffit pas" de 1999 (James Bond) Pipeline
46%
Moyen de transport que Reese, Malcolm et Dewey arrivent à obtenir et qu'ils détériorent en provoquant un accident durant une visite au ranch "Grotto" dans la série TV Malcolm Quad
37%
Le tuk-tuk originaire de Thaïlande en est un exemple notoire quand il est motorisé et le vélo taxi en Europe quand il est non motorisé Rickshaw
36%
Une des trois îles qui forment l'État de Nueva Esparta, au Venezuela Coche
35%
Commune française située dans le Pas-de-Calais (17 672 habitants en 2021) Avion
30%
Groupe de techno allemand, originaire de Hambourg. Après 30 ans de carriére, le groupe dénombre plus de 30 millions de disques vendus dans le monde Scooter
28%
Aucun quiz correspondant
Distribution des résultats
% des personnes avec chaque résultat
Percentile par nombre de réponses
Votre historique - résultats
Vous n’avez pas pris ce quiz